| 000 | 00899nam a22003257a 4500 | ||
|---|---|---|---|
| 999 |
_c1278 _d1278 |
||
| 001 | 001412 | ||
| 003 | CoMeUDC001412 | ||
| 005 | 20190218205440.0 | ||
| 008 | 130821s2006 sp a gr spa | ||
| 020 | _a8423423867 | ||
| 020 |
_a842342393X _ccolección |
||
| 040 |
_aCo-BoUCM _bspa _cCoMeUDC |
||
| 041 | 0 | 0 | _aspa |
| 082 | 0 | 4 | _a658.18 P898 |
| 100 | 1 | _aPrahalad, C. K. | |
| 245 | 1 | 0 |
_aEstrategia corporativa / _cC. K. Prahalad... [et al.] |
| 260 |
_aBarcelona: _bDeusto, _c2006. |
||
| 300 |
_a254 p.: _bil.; _c28 cm. |
||
| 490 | 0 | _aLíderes del Management | |
| 500 | _aIncluye índice | ||
| 546 | _aEspañol | ||
| 650 | 0 | 4 |
_aAdministración de empresas _9435 |
| 650 | 0 | 4 |
_aEfectividad organizacional _913904 |
| 650 | 0 | 4 |
_aPlanificación estratégica _921662 |
| 651 | _xGerencia | ||
| 700 | 1 | _aBettis, A. | |
| 700 | 1 | _aDoz, Yves L. | |
| 700 | 1 | _aHamel, Gary | |
| 942 |
_cBK _e1 _2ddc |
||